The gender gap in education (Record no. 7498)
[ view plain ]
| 000 -LEADER | |
|---|---|
| fixed length control field | 00547nam a2200205Ia 4500 |
| 003 - CONTROL NUMBER IDENTIFIER | |
| control field | 0100 |
| 005 - DATE AND TIME OF LATEST TRANSACTION | |
| control field | 20140206161426.0 |
| 008 - FIXED-LENGTH DATA ELEMENTS--GENERAL INFORMATION | |
| fixed length control field | 130303s9999 xx 000 0 und d |
| 020 ## - INTERNATIONAL STANDARD BOOK NUMBER | |
| International Standard Book Number | 8170368952 |
| 040 ## - CATALOGING SOURCE | |
| Transcribing agency | ARRUPELIB |
| 050 ## - LIBRARY OF CONGRESS CALL NUMBER | |
| Classification number | LC2324.G45 |
| 245 #4 - TITLE STATEMENT | |
| Title | The gender gap in education |
| 245 ## - TITLE STATEMENT | |
| Remainder of title | NGOs as Change agents |
| 260 ## - PUBLICATION, DISTRIBUTION, ETC. (IMPRINT) | |
| Place of publication, distribution, etc | New Delhi |
| 260 ## - PUBLICATION, DISTRIBUTION, ETC. (IMPRINT) | |
| Name of publisher, distributor, etc | Sage Publishers |
| 300 ## - PHYSICAL DESCRIPTION | |
| Extent | 286p. |
| 650 ## - SUBJECT ADDED ENTRY--TOPICAL TERM | |
| Topical term or geographic name as entry element | Non-Governmental organisations-India-Influence |
| 9 (RLIN) | 8266 |
| 700 ## - ADDED ENTRY--PERSONAL NAME | |
| Personal name | Rekha Wazir , Wazir, Rekha |
| 9 (RLIN) | 8267 |
| 942 00 - ADDED ENTRY ELEMENTS (KOHA) | |
| Koha issues (borrowed), all copies | 1 |
| Source of classification or shelving scheme | Library of Congress Classification |
| Koha item type | Monograph ( Printed materials) |
| Withdrawn status | Lost status | Source of classification or shelving scheme | Damaged status | Not for loan | Collection code | Home library | Current library | Shelving location | Date acquired | Total Checkouts | Full call number | Barcode | Date last seen | Date checked out | Copy number | Price effective from | Koha item type |
|---|---|---|---|---|---|---|---|---|---|---|---|---|---|---|---|---|---|
| Library of Congress Classification | Main Collection | ARRUPE LIBRARY | ARRUPE LIBRARY | 04/03/2013 | 2 | LC2324.G45 | 46003051069 | 07/02/2020 | 24/01/2020 | 1 | 04/03/2013 | Monograph ( Printed materials) |